Länder die Deutschland am Nächsten Liegen - 15 Sekunden Sprint - Statistiken

Allgemein
  • Dieses Quiz wurde 254 mal gespielt
  • Das Durchschnittsergebnis liegt bei 6 aus 20
Antwortstatistiken
Km Land Meilen % Korrekt
0 Schweiz 0
70%
0 Polen 0
68%
0 Belgien 0
57%
0 Niederlande 0
56%
0 Dänemark 0
55%
0 Österreich 0
55%
0 Frankreich 0
53%
0 Tschechien 0
40%
0 Luxemburg 0
36%
45 Italien 28
21%
33 Liechtenstein 20
20%
72 Schweden 45
9%
327 Norwegen 203
5%
357 Russland 222
5%
222 Kroatien 138
3%
224 Slowakei 139
3%
118 Slowenien 73
3%
295 Vereinigtes Königreich 184
3%
221 Ungarn 137
2%
331 Bosnien und Herzegowina 205
1%
Keine übereinstimmenden Quizze gefunden
Verteilung der Resultate
Anzahl Personen mit jedem Resultat
Perzentil nach korrekt beantworteten Fragen
Ihre Resultats-Entwicklung
Sie haben dieses Quiz noch nicht gespielt